Technician's guide to the 68HC11 microcontroller -(E-BOOK) (Record no. 191988)
[ view plain ]
| 000 -LEADER | |
|---|---|
| fixed length control field | 01125 a2200229 4500 |
| 003 - CONTROL NUMBER IDENTIFIER | |
| control field | Nust |
| 005 - DATE AND TIME OF LATEST TRANSACTION | |
| control field | 20170207154028.0 |
| 010 ## - LIBRARY OF CONGRESS CONTROL NUMBER | |
| LC control number | 2002275904 |
| 020 ## - INTERNATIONAL STANDARD BOOK NUMBER | |
| International Standard Book Number | 0766817156 (pbk.) |
| 035 ## - SYSTEM CONTROL NUMBER | |
| System control number | (OCoLC)ocm46611660 |
| 040 ## - CATALOGING SOURCE | |
| Transcribing agency | Nust |
| 082 ## - DEWEY DECIMAL CLASSIFICATION NUMBER | |
| Classification number | 621.395 |
| 100 1# - MAIN ENTRY--PERSONAL NAME | |
| Personal name | Black, Daniel J. |
| 245 10 - TITLE STATEMENT | |
| Title | Technician's guide to the 68HC11 microcontroller -(E-BOOK) |
| Statement of responsibility, etc. | Daniel J. Black. |
| 246 3# - VARYING FORM OF TITLE | |
| Title proper/short title | 68HC11 microcontroller |
| 260 ## - PUBLICATION, DISTRIBUTION, ETC. | |
| Place of publication, distribution, etc. | Albany, NY : |
| Name of publisher, distributor, etc. | Delmar, Thomson Learning, |
| Date of publication, distribution, etc. | c2001. |
| 300 ## - PHYSICAL DESCRIPTION | |
| Extent | xvi, 389 p. : |
| Other physical details | ill. ; |
| Dimensions | 23 cm. |
| 505 ## - FORMATTED CONTENTS NOTE | |
| Formatted contents note | Introduction to Computer Hardware(Page-1) Introduction to Computer Software(Page-27) HC11 Programming(Page-53) Branching and Loops(Page-93) Indexing Through Memory(Page-119) Subroutines(Page-137) Working with an Assembler(Page-161) Memory Systems(Page-173) General Purpose I/O(Page-195) HC11 Interrupts and Resets(Page-215) Analog Capture—Port E(Page-245) Timed Events—Port A(Page-265) Serial Communication—Port D(Page-297) C Programming Using the HC11(Page-317) |
| 650 #0 - SUBJECT ADDED ENTRY--TOPICAL TERM | |
| Topical term or geographic name entry element | Digital control systems |
| 650 #0 - SUBJECT ADDED ENTRY--TOPICAL TERM | |
| Topical term or geographic name entry element | Motorola 68HC11 (Microprocessor) |
| General subdivision | Programming |
| 651 ## - SUBJECT ADDED ENTRY--GEOGRAPHIC NAME | |
| Geographic name | E-BOOK |
| 942 ## - ADDED ENTRY ELEMENTS (KOHA) | |
| Source of classification or shelving scheme | |
| Koha item type | Book |
| Withdrawn status | Lost status | Source of classification or shelving scheme | Damaged status | Not for loan | Collection code | Permanent Location | Current Location | Date acquired | Total Checkouts | Full call number | Barcode | Date last seen | Price effective from | Koha item type |
|---|---|---|---|---|---|---|---|---|---|---|---|---|---|---|
| Military College of Signals (MCS) | Military College of Signals (MCS) | 12/12/2016 | 621.395 BLA | MCSEB-1174 | 12/08/2016 | 12/12/2016 | Book |
